000 00832nam a2200253 i 4500
001 171714
003 ES-MaACL
005 20250820095811.0
007 t|
008 090526s1970 fr ||||1| fre d
080 _a39(892)
080 _a266(892)
100 1 _aLugon, Clovis.
_974662
245 1 3 _aLa république des Guaranis
_b: (1610-1768) : les Jésuites au pouvoir /
_cClovis Lugon.
260 _aParis :
_bÉconomie et Humanisme :
_bLes Éditions Ouvrières,
_c1970.
300 _a244 p. ;
_c18 cm.
490 1 _aFoi vivante ;
_v125
504 _aBibliografía.
610 2 4 _aJesuitas-
_zParaguay
_95360
650 0 7 _aGuaraníes (Indios)
_2embne
_9162832
830 0 _aFoi vivante ;
_v125
_9223203
852 _aES-MaACL
_jE-12664
_z. - Biblioteca Jacinto Martínez Lacalle
999 _c171714
_d171714